At the cutting edge : learning to read and spell for success /

Saved in:
Bibliographic Details
Main Author: Nicholson, Tom.
Format: Book
Language:English
Published: Wellington, N.Z. : New Zealand Council for Educational Research, 1999.
Edition:Rev. ed.
Subjects:
Tags: Add Tag
No Tags, Be the first to tag this record!
Institutions: Mạng thư viện Đại học Đà Nẵng
LEADER 01270nam a2200397 a 4500
001 000042061
003 7749
005 20190913105106.0
008 171030s1999
020 |a 1877140511 
040 |a LNN 
040 |a lnn  |c lnn  |d lnn 
041 0 |a eng 
082 1 4 |a 428.007  |b NI-T 
100 1 |a Nicholson, Tom. 
245 0 0 |a At the cutting edge :  |b learning to read and spell for success /  |c Tom Nicholson. 
250 |a Rev. ed. 
260 |a Wellington, N.Z. :  |b New Zealand Council for Educational Research,  |c 1999. 
300 |a 84 p. :  |b ill. ;  |c 21cm. 
630 0 4 |a Reading. 
630 0 4 |a Phonemics. 
630 0 4 |a Phonetic method. 
630 0 4 |a Spelling ability. 
650 0 4 |a Reading (Primary) 
650 0 4 |a Phonemics. 
650 0 4 |a Reading  |x Phonetic method. 
650 0 4 |a Spelling ability. 
OWN |a LNN 
AVA |a UDN50  |b LNN  |c English  |d 428.01 NI-T  |e available  |t Error 5001 Not defined in file expand_doc_bib_avail.  |f 1  |g 0  |h N  |i 0  |j AN  |k 1 
999 |a From the UDN01 
AVA |a UDN50  |b LNN  |c English  |d 428.01 NI-T  |e available  |t Error 5001 Not defined in file expand_doc_bib_avail.  |f 1  |g 0  |h N  |i 0  |j AN  |k 1 
TYP |a Monograph 
TYP |a Printed language 
980 |a Mạng thư viện Đại học Đà Nẵng